| 000 -LEADER |
| fixed length control field |
01369nam a2200217Ia 4500 |
| 001 - CONTROL NUMBER |
| control field |
10042 |
| 003 - CONTROL NUMBER IDENTIFIER |
| control field |
GE_BSU |
| 008 - FIXED-LENGTH DATA ELEMENTS--GENERAL INFORMATION |
| fixed length control field |
181216s||||||||xx |||||||||||||| ||und|| |
| 040 ## - CATALOGING SOURCE |
| Transcribing agency |
GE_BSU |
| 080 ## - UNIVERSAL DECIMAL CLASSIFICATION NUMBER |
| Universal Decimal Classification number |
930(479.22)(092)+ 94(479.22)(063) |
| 245 ## - TITLE STATEMENT |
| Title |
ისტორიული რეპრეზენტაცია: თეორიული მიმართულებანი და კონკრეტული კვლევები = Representing history: Theoretical trends aned case studies |
| 245 ## - TITLE STATEMENT |
| Remainder of title |
აკად. მარიამ ლორთქიფანიძის დაბადების 90-ე წლისთავისადმი მიძღვნილი აერთაშ. კონფერენცია, 2014 |
| 245 ## - TITLE STATEMENT |
| Statement of responsibility, etc. |
რედ:მარიამ ჩხარტიშვილი;სარედ.ჯგ:მანუჩარ გუნცაძე და სხვ. |
| 260 ## - PUBLICATION, DISTRIBUTION, ETC. |
| Place of publication, distribution, etc. |
თბილისი. |
| 260 ## - PUBLICATION, DISTRIBUTION, ETC. |
| Name of publisher, distributor, etc. |
თბილისის უნ-ტის გამ-ბა. |
| 260 ## - PUBLICATION, DISTRIBUTION, ETC. |
| Date of publication, distribution, etc. |
2014. |
| 300 ## - PHYSICAL DESCRIPTION |
| Extent |
336გვ;26სმ. |
| 300 ## - PHYSICAL DESCRIPTION |
| Other physical details |
თეზისები ქართულ და ინგლისურ ენებზე.11ფ.პორტრ. |
| 653 ## - INDEX TERM--UNCONTROLLED |
| Uncontrolled term |
ქართველი ისტორიკოსები; საქართველოს ისტორია |
| 942 ## - ADDED ENTRY ELEMENTS (KOHA) |
| Koha item type |
წიგნი |